| 000 | 00448nam a22001577a 4500 | ||
|---|---|---|---|
| 003 | NUST - PNEC | ||
| 005 | 20170116181029.0 | ||
| 008 | 150918b xxu||||| |||| 00| 0 eng d | ||
| 040 | _cLIBRARY | ||
| 082 | _a658.505 BOO | ||
| 100 |
_910953 _a Boore, William F |
||
| 245 |
_aThe computer sampler: management perspectives on the computer _cWilliam F Boore |
||
| 260 | _cc 1968 | ||
| 650 |
_99966 _aElectronic data processing _xEL |
||
| 942 |
_2ddc _cBK |
||
| 999 |
_c67652 _d67652 |
||